000 00568nam a2200181Ia 4500
003 GCL
008 140319s9999 xx 000 0 ara d
040 _aGCL /
_cGCL
082 0 4 _a301.320962
_bم د
100 1 _aمحمد صبحى عبدالحكيم
245 1 0 _aدراسات سكانية /
_cمحمد صبحى عبدالحكيم
700 1 _aمحمد محمود الجوهرى
700 1 _aميشيل القمص مرقص جرجس
300 _a99 ص
490 _aالهيئة العامة للاستعلامات
_v0
650 0 4 _aاسرة
942 _2ddc
_cBK
999 _c51201
_d51201